000 00531nam a2200205Ia 4500
003 OSt
005 20220927102944.0
006 a|||||r|||| 00| 0
007 ta
008 220926b |||||||| |||| 00| 0 eng d
024 _a15908
037 _cReference Collections
040 _aRTL
_cRTL
_beng
041 _2eng
_aeng
082 _a"Xn42.N, L0/RR"
245 0 _a"Oriental Economist's, Japan Economic yerabook"
260 _c1970
942 _h"Xn42.N, L0/RR"
_cCC
999 _c679755
_d679755